<?xml version="1.0" encoding="UTF-8"?><?xml-stylesheet type="text/xsl" href="static/style.xsl"?><OAI-PMH xmlns="http://www.openarchives.org/OAI/2.0/" xmlns:xsi="http://www.w3.org/2001/XMLSchema-instance" xsi:schemaLocation="http://www.openarchives.org/OAI/2.0/ http://www.openarchives.org/OAI/2.0/OAI-PMH.xsd"><responseDate>2026-04-14T05:20:38Z</responseDate><request verb="GetRecord" identifier="oai:www.recercat.cat:20.500.14342/755" metadataPrefix="marc">https://recercat.cat/oai/request</request><GetRecord><record><header><identifier>oai:recercat.cat:20.500.14342/755</identifier><datestamp>2025-05-15T19:20:41Z</datestamp><setSpec>com_2072_482405</setSpec><setSpec>com_2072_183628</setSpec><setSpec>col_2072_482409</setSpec></header><metadata><record xmlns="http://www.loc.gov/MARC21/slim" xmlns:dcterms="http://purl.org/dc/terms/" xmlns:xsi="http://www.w3.org/2001/XMLSchema-instance" xmlns:doc="http://www.lyncode.com/xoai" xsi:schemaLocation="http://www.loc.gov/MARC21/slim http://www.loc.gov/standards/marcxml/schema/MARC21slim.xsd">
   <leader>00925njm 22002777a 4500</leader>
   <datafield ind2=" " ind1=" " tag="042">
      <subfield code="a">dc</subfield>
   </datafield>
   <datafield ind2=" " ind1=" " tag="720">
      <subfield code="a">Sainz Garcia, Pedro</subfield>
      <subfield code="e">author</subfield>
   </datafield>
   <datafield ind2=" " ind1=" " tag="720">
      <subfield code="a">Ferrer Svoboda, Carmen</subfield>
      <subfield code="e">author</subfield>
   </datafield>
   <datafield ind2=" " ind1=" " tag="720">
      <subfield code="a">Sànchez i Ruiz, Emília</subfield>
      <subfield code="e">author</subfield>
   </datafield>
   <datafield ind2=" " ind1=" " tag="260">
      <subfield code="c">2016-09</subfield>
   </datafield>
   <datafield ind2=" " ind1=" " tag="520">
      <subfield code="a">Fundamentos: Las competencias culinarias pueden tener relevancia en la salud. El objetivo del estudio fue conocer el estado de las competencias culinarias y el consumo de alimentos procesados o preparados en estudiantes universitarios en Barcelona así como su asociación con variables sociodemográficas y la confianza en algunas competencias culinarias y el
saber cocinar.
Métodos: Diseño transversal, durante el curso 2014-2015, con 525 estudiantes (81,3% mujeres, edad mediana 21 años), mediante un cuestionario en línea. Se realizaron análisis bivariados y multivariados con modelos de regresión logística. Como medida de asociación se estimó la odds ratio y su intervalo de confianza del 95%.
Resultados: Entre el 53% y el 89% de los estudiantes declararon sentirse muy confiados en 10 de las 18 competencias culinarias estudiadas. No se observaron diferencias estadísticamente significativas por sexo y entre el 62% y el 86% de las personas mayores de 21 años expresaron mucha confianza en 9 competencias. La prevalencia del consumo de alimentos
procesados o preparados fue del 49,4% y se asoció a la edad (OR=0,95 IC95%: 0,91-0,99), al sexo (hombre, OR=1,98 IC95%: 1,23-3,18) y a no saber cocinar (OR=2,25 IC95%: 1,10-4,60). Entre quienes sabían cocinar este consumo se asoció al sexo (hombre, OR=1,67 IC95%: 1,00-2,77) y a no tener confianza en preparar más de un alimento al mismo tiempo (OR=1,73 IC95%: 1,58-2,60). 
Conclusiones: Los estudiantes universitarios de Barcelona tienen competencias culinarias mejorables y consumen alimentos procesados o preparados habitualmente.</subfield>
   </datafield>
   <datafield ind1="8" ind2=" " tag="024">
      <subfield code="a">http://hdl.handle.net/20.500.14342/755</subfield>
   </datafield>
   <datafield tag="653" ind2=" " ind1=" ">
      <subfield code="a">Estudiants universitaris -- Barcelona</subfield>
   </datafield>
   <datafield tag="653" ind2=" " ind1=" ">
      <subfield code="a">Estudiants universitaris -- Alimentació</subfield>
   </datafield>
   <datafield tag="653" ind2=" " ind1=" ">
      <subfield code="a">Hàbits alimentaris</subfield>
   </datafield>
   <datafield tag="653" ind2=" " ind1=" ">
      <subfield code="a">Alimentació -- Enquestes</subfield>
   </datafield>
   <datafield ind2="0" ind1="0" tag="245">
      <subfield code="a">Competencias culinarias y consumo de alimentos procesados o preparados en estudiantes universitarios de Barcelona</subfield>
   </datafield>
</record></metadata></record></GetRecord></OAI-PMH>